000 00382nam a2200157Ia 4500
008 221030s9999 xx 000 0 und d
041 _aEnglish
082 _a105.23
100 _aHiteshwar Bhakhri/319
245 0 _aELECTRONIC SPEED CONTROL OF INDUCTION MOTOR
260 _aJammu
_c2001
650 _aEE
700 _aPurnima Raina/323
700 _aRomi Gupta/317
942 _cTH
999 _c2962
_d2962